Prístupy k meraniu regionálnej konvergencie
Regionálna konvergencia je hlavným cieľom kohéznej politiky EÚ. Z dôvodu značného vynakladania finančných prostriedkov z kohéznych EÚ fondov je potrebné sledovať a merať regionálnu konvregenciu. Štandardný prístup merania konvergencie spočiva v regresii priemernej miery rastu outputu na začiatočnú ú...
Gespeichert in:
| 1. Verfasser: | |
|---|---|
| Weitere Verfasser: | , |
| Format: | Buchkapitel |
| Sprache: | Slowakisch |
| Schlagworte: | |
| Tags: |
Keine Tags, Fügen Sie das erste Tag hinzu!
|
MARC
| LEADER | 00000naa$a2200000$$$4500 | ||
|---|---|---|---|
| 001 | 0110905 | ||
| 005 | 20240502072227.5 | ||
| 041 | 0 | |a slo | |
| 044 | |a SK | ||
| 245 | 1 | 0 | |a Prístupy k meraniu regionálnej konvergencie |c Milan Buček, Lukrécia Gerulová, Urban Kováč |
| 520 | |a Regionálna konvergencia je hlavným cieľom kohéznej politiky EÚ. Z dôvodu značného vynakladania finančných prostriedkov z kohéznych EÚ fondov je potrebné sledovať a merať regionálnu konvregenciu. Štandardný prístup merania konvergencie spočiva v regresii priemernej miery rastu outputu na začiatočnú úroveň outputu. Ako základná premenná v regresii sa používa output alebo dôchodok na obyvateľa. Pri meraní regionálnej konvergencie sa najbežnejšie používajú metódy prierezová regresia, časové rady, panelová regresia alebo distribučné prístupy. Autori v krátkosti analyzujú každú z týchto metód a poukazujú na výhody a nevýhody ich použitia. | ||
| 610 | 2 | 0 | |a konvergencia |
| 610 | 2 | 0 | |a meranie |
| 610 | 2 | 0 | |a regióny |
| 610 | 2 | 0 | |a politika kohézna |
| 610 | 2 | 0 | |a analýza radov časových |
| 100 | 1 | |a Buček, Milan | |
| 700 | 1 | |a Kováč Gerulová, Lukrécia, 1978- | |
| 700 | 1 | |a Kováč, Urban | |